000 00500nam a2200193Ia 4500
005 20260429111940.0
008 260429s9999||||xx |||||||||||||| ||und||
020 _a9788184115864
041 _aEnglish
082 _a539.7
_bRAM
100 _aRaman, Amit
245 0 _aAtomic and nuclear physics /
_cAmit Raman
260 _aNew Delhi :
_bSonali Publications,
_c2025.
300 _av, 331 p.; hb
650 _a Atomic physics
650 _a Nuclear physics
650 _aPhysics
942 _cTB
999 _c51568
_d51568